| 000 | 01496nam a2200397 i 4500 | ||
|---|---|---|---|
| 001 | 99723 | ||
| 003 | FlNmELB | ||
| 005 | 20241217173005.0 | ||
| 006 | m o d | | ||
| 007 | cr cnu|||||||| | ||
| 008 | 140604s2012 sp o 001 1 spa d | ||
| 020 | _z9788498878714 | ||
| 020 | _a9788498879261 (e-book) | ||
| 035 | _a(MiAaPQ)EBC3219397 | ||
| 035 | _a(Au-PeEL)EBL3219397 | ||
| 035 | _a(CaPaEBR)ebr10853583 | ||
| 035 | _a(OCoLC)992099026 | ||
| 040 |
_aFINmELB _bspa _erda _cFINmELB |
||
| 050 | 4 |
_aPN6014 _bA666 2012 |
|
| 082 | 0 |
_a808.8 _223 |
|
| 100 | 1 | _aArbor Aldea, Mariña. | |
| 245 | 1 | 3 |
_aEl canon de la literatura europea / _cMariña Arbor Aldea. |
| 264 | 1 |
_aSantiago de Compostela : _bUniversidade de Santiago de Compostela, _c[2012] |
|
| 300 | _a1 recurso en línea (235 páginas) | ||
| 336 |
_atexto _btxt _2rdacontent/spa |
||
| 337 |
_acomputadora _bc _2rdamedia/spa |
||
| 338 |
_arecurso en línea _bcr _2rdacarrier/spa |
||
| 500 | _aContiene índice. | ||
| 588 | _aDescripción basada en recurso en línea; Título de la página del título en PDF (e-libro, visto june 04, 2014). | ||
| 590 | _aRecurso electrónico. Santa Fe, Arg.: e-libro, 2015. Disponible vía World Wide Web. El acceso puede estar limitado para las bibliotecas afiliadas a e-libro. | ||
| 650 | 4 | _aLiteratura europea. | |
| 650 | 0 | _aEuropean literature. | |
| 655 | 4 | _aLibros electrónicos. | |
| 797 | 2 | _ae-libro, Corp. | |
| 856 | 4 | 0 | _uhttps://elibro.net/ereader/politecnicointernacional/61551 |
| 999 |
_c99723 _d99723 |
||